|
|
|
|
| LEADER |
00000cam a2200000 a 4500 |
| 001 |
vtls008858798 |
| 003 |
SK-MaSNL |
| 005 |
20260301095102.0 |
| 008 |
240226s1563 gw j lat |
| 015 |
|
|
|a SNBHFA1563
|
| 035 |
|
|
|a urn:nbn:sk:snk-am00g3hn
|
| 035 |
|
|
|a urn:nbn:sk:snk-am3iwac
|
| 035 |
|
|
|a 5B6BAE2B-8C37-4F1E-B9DA-B4ACA88C1E83
|
| 040 |
|
|
|a SNKHF
|b slo
|c SNK
|e AACR2
|
| 041 |
0 |
|
|a lat
|
| 044 |
|
|
|a gw
|c DE
|
| 072 |
|
7 |
|a 94(3)
|x Dejiny krajín starovekého sveta
|2 konspekt
|
| 080 |
|
|
|a 94(3)
|2 2011
|
| 100 |
1 |
|
|a Chytraeus, David,
|d 1530-1600
|4 aut
|9 54332
|
| 245 |
1 |
|
|a De Lectione Historiarvm Recte Institvenda
|b Et Historicorvm Fere Omnivm Series Et Argumenta, breuiter et perspicue exposita A Davide Chytraeo
|c Addita Est Chronologia Historiae Herodoti, Thucydidis, Xenophontis, Diodori Siculi, Cornelij Taciti, Procopij etc.
|
| 260 |
|
|
|a Vitebergae
|b Excvdebat Iohannes Crato
|c Anno M.D.LXIII. [=1563]
|
| 300 |
|
|
|a A8-E8, F7 [=47] listov
|b 1 genealogická tabuľka
|c 15 cm
|
| 500 |
|
|
|a Iniciálky s figurálnym pozadím v rámčeku na 5 riadkov, kustody
|
| 510 |
0 |
|
|a Stevenson
|c 1/2/2174a
|
| 563 |
|
|
|a Väzba: plátená
|5 SNK IE 5233
|
| 650 |
0 |
7 |
|a dejiny
|2 SNKPH
|9 3825
|
| 650 |
0 |
7 |
|a starovek
|2 SNKPH
|9 4258
|
| 700 |
0 |
|
|a Hérodotos,
|d asi 484 pred Kr.-po 425 pred Kr.
|4 aut
|9 133095
|
| 700 |
0 |
|
|a Thucydides,
|d asi 471-asi 391 pred Kr
|4 aut
|9 130950
|
| 700 |
0 |
|
|a Xenofón,
|d asi 426 pred Kr.-asi 357 pred Kr.
|4 aut
|9 109370
|
| 700 |
1 |
|
|a Tacitus, Publius Cornelius,
|d asi 55-asi 120
|4 aut
|9 6573
|
| 700 |
0 |
|
|a Procopius Caesariensis
|4 aut
|9 429879
|
| 700 |
1 |
|
|a Krafft, Johann,
|c starší,
|d 1510-1578
|4 prt
|9 128691
|
| 710 |
0 |
|
|a Krafft, Johann starší (Wittenberg, Nemecko),
|d 1546-1578
|4 prt
|9 341825
|
| 752 |
|
|
|a Nemecko
|d Wittenberg
|
| 852 |
|
|
|a snk
|b Historické fondy
|p IE 5233
|
| 852 |
|
|
|a snk
|b Historické fondy
|p IE 5233 D1
|
| 958 |
|
|
|a ONDV
|
| 958 |
|
|
|a DA
|
| 999 |
|
|
|c 682155
|d 684085
|
| 952 |
|
|
|t Tlače 16. stor.
|a SNK
|b SNK
|c SNK_HF
|y PREZ
|7 0
|p 17A1394766
|o snkIE 5233
|i snkF 3225/73
|8 5
|0 0
|1 0
|4 0
|d 2019-12-18
|f 1
|l 0
|r 2026-02-23 20:00:58
|w 2026-02-23
|
| 952 |
|
|
|t Tlače 16. stor.
|a SNK
|b SNK
|c SNK_HF
|y PREZ
|7 0
|p 17A1394767
|o snkIE 5233 D1
|i snkF 5557/78
|8 5
|0 0
|1 0
|4 0
|d 2019-12-18
|l 0
|r 2026-02-23 20:00:58
|w 2026-02-23
|